|
|
|
แสดงรายละเอียดบรรณานุกรม |
|
|
Brief Record
: Get Marc (ISO 2709)
: E-mail record
: |
| LEADER : 00000nam 2200000uu 4500 | |||
| 001 13399129217 | |||
| 003 ULIB | |||
| 008 260511s2568||||th 000 0 tha d | |||
| 020 ^a9786166260977 | |||
| 050 0 ^aRC440^bพ247ก | |||
| 100 0 ^aพรพรรณ สุดใจ | |||
| 245 1 ^aการประยุกต์ดิจิทัลเทคโนโลยีบนสมาร์ทโฟน : เพื่อการพยาบาลสุขภาพจิตและจิตเวช = ^bApplication of smartphone-based digital technologies in mental health and psychiatric nursing /^cพรพรรณ สุดใจ | |||
| 246 3 ^aApplication of smartphone-based digital technologies in mental health and psychiatric nursing | |||
| 250 ^aพิมพ์ครั้งที่ 1. | |||
| 260 ^aชลบุรี :^bภาควิชาการพยาบาลสุขภาพจิตและจิตเวช คณะพยาบาลศาสตร์ มหาวิทยาลัยบูรพา,^c2568 | |||
| 300 ^a268 หน้า :^bภาพประกอบ, ตาราง | |||
| 505 0 ^aบทที่ 1 การประยุกต์ใช้เทคโนโลยีทางสุขภาพสำหรับงานบริการด้านสุขภาพจิตและจิตเวช ทางออกของการตอบโจทย์สุขภาพในยุคดิจิทัล -- บทที่ 2 การพัฒนาโปรแกรมประยุกต์ทางสุขภาพบนสมาร์ทโฟนสำหรับการพยาบาลสุขภาพจิตและจิตเวช -- บทที่ 3 การวิจัยทางการพยาบาลสุขภาพจิตและจิตเวชโดยใช้โปรแกรมประยุกต์ทางสุขภาพบนสมาร์ทโฟน -- บทที่ 4 การ ขึ้นทะเบียนทรัพย์สินทางปัญญาาสำหรับโปรแกรมประยุกต์ทางสุขภาพบนสมาร์ทโฟน -- บทที่ 5 การพัฒนาโปรแกรมประยุกต์ทางสุขภาพบนสมาร์ทโฟนสำหรับการพยาบาลสุขภาพจิตและจิตเวชจากแนวคิดสู่การปฏิบัติ | |||
| 505 2 ^aการประยุกต์ใช้เทคโนโลยีทางสุขภาพสำหรับงานบริการด้านสุขภาพจิตและจิตเวช ทางออกของการตอบโจทย์สุขภาพในยุคดิจิทัล -- การพัฒนาโปรแกรมประยุกต์ทางสุขภาพบนสมาร์ทโฟนสำหรับการพยาบาลสุขภาพจิตและจิตเวช -- การวิจัยทางการพยาบาลสุขภาพจิตและจิตเวชโดยใช้โปรแกรมประยุกต์ทางสุขภาพบนสมาร์ทโฟน -- การขึ้นทะเบียนทรัพย์สินทางปัญญาสำหรับโปรแกรมประยุกต์ทางสุขภาพบนสมาร์ทโฟน -- การพัฒนาโปรแกรมประยุกต์ทางสุขภาพบนสมาร์ทโฟนสำหรับการพยาบาลสุขภาพจิตและจิตเวชจากแนวคิดสู่การปฏิบัติ. | |||
| 505 2 ^aบทที่ 1 การประยุกต์ใช้เทคโนโลยีทางสุขภาพสำหรับงานบริการด้านสุขภาพจิตและจิตเวช ทางออกของการตอบโจทย์สุขภาพในยุคดิจิทัล -- บทที่ 2 การพัฒนาโปรแกรมประยุกต์ทางสุขภาพบนสมาร์ทโฟนสำหรับการพยาบาลสุขภาพจิตและจิตเวช -- บทที่ 3 การวิจัยทางการพยาบาลสุขภาพจิตและจิตเวชโดยใช้โปรแกรมประยุกต์ทางสุขภาพบนสมาร์ทโฟน -- บทที่ 4 การขึ้นทะเบียนทรัพย์สินทางปัญญาสำหรับโปรแกรมประยุกต์ทางสุขภาพบนสมาร์ทโฟน -- บทที่ 5 การพัฒนาโปรแกรมประยุกต์ทางสุขภาพบนสมาร์ทโฟนสำหรับการพยาบาลสุขภาพจิตและจิตเวชจากแนวคิดสู่การปฏิบัติ | |||
| 505 2 ^a^tการประยุกต์ใช้เทคโนโลยีทางสุขภาพสำหรับงานบริการด้านสุขภาพจิตและจิตเวช ทางออกของการตอบโจทย์สุขภาพในยุคดิจิทัล -- การพัฒนาโปรแกรมประยุกต์ทางสุขภาพบนสมาร์ทโฟนสำหรับการพยาบาลสุขภาพจิตและจิตเวช -- การวิจัยทางการพยาบาลสุขภาพจิตและจิตเวชโดยใช้โปรแกรมประยุกต์ทางสุขภาพบนสมาร์ทโฟน -- การขึ้นทะเบียนทรัพย์สินทางปัญญาสำหรับโปรแกรมประยุกต์ทางสุขภาพบนสมาร์ทโฟน -- การพัฒนาโปรแกรมประยุกต์ทางสุขภาพบนสมาร์ทโฟนสำหรับการพยาบาลสุขภาพจิตและจิตเวชจากแนวคิดสู่การปฏิบัติ. | |||
| 650 4 ^aการพยาบาลจิตเวชศาสตร์. | |||
| 650 4 ^aเขตพัฒนาพิเศษภาคตะวันออก (อีอีซี). | |||
| 650 4 ^aจิตเวชศาสตร์^xการพยาบาล | |||
| 650 4 ^aโทรศัพท์เคลื่อนที่^xโปรแกรมประยุกต์บนอุปกรณ์เคลื่อนที่ | |||
| 650 4 ^aบริการสุขภาพจิต^xนวัตกรรมทางเทคโนโลยี | |||
| 650 4 ^aสุขภาพจิต^xนวัตกรรมทางเทคโนโลยี | |||
| 650 4 ^aอุตสาหกรรมการแพทย์ครบวงจร. | |||
| 650 7 ^aจิตเวชศาสตร์ | |||
| 650 7 ^aเทคโนโลยีทางการแพทย์ | |||
| 650 7 ^aโปรแกรมประยุกต์บนอุปกรณ์เคลื่อนที | |||
| 650 7 ^aสุขภาพจิต | |||
| 650 0 ^aสุขภาพจิต^xการพยาบาล | |||
| 655 4 ^aHealth Sciences Branch. | |||
| 695 ^aHealth Sciences. | |||
| 999 ^aประนอม เกษจรัล | |||
| คุณยังไม่ได้ล็อกอิน คุณสามารถมีกิจกรรมร่วมกับเว็บไซต์ได้ แต่ต้องล็อกอินก่อน :: |
|
รายการสื่อสารสนเทศ |
| สถานะ | |||||
| 1. | หนังสือสำรอง สถานะ=หนังสือสำรอง | RC440 พ247ก ฉ.1 Barcode: 012203 | ►หนังสือทั่วไป | บนชั้น *เพิ่งรับคืน | |
| 2. | การศึกษาทั่วไป | RC440 พ247ก ฉ.2 Barcode: 012204 | ►หนังสือทั่วไป | บนชั้น *เพิ่งรับคืน | |
| 3. | การศึกษาทั่วไป | RC440 พ247ก ฉ.3 Barcode: 012205 | ►หนังสือทั่วไป | บนชั้น *เพิ่งรับคืน | |
| 4. | การศึกษาทั่วไป | RC440 พ247ก ฉ.4 Barcode: 012206 | ►หนังสือทั่วไป | บนชั้น *เพิ่งรับคืน | |
| 5. | การศึกษาทั่วไป | RC440 พ247ก ฉ.5 Barcode: 012207 | ►หนังสือทั่วไป | บนชั้น *เพิ่งรับคืน | |
BibComment |
| คอมเมนท์ทรัพยากรรายการนี้ |
|
| |
Copyright 2026. Bcnsprnw @Library |
|